01282nam a2200289 a 450000100100000000500170001000800410002702000180006804000250008608200250011110000480013624500900018425000110027426000480028530000210033349000180035450000700037259000260044265000280046865000310049683000240052791000370055195201350058895201230072395201290084699900170097500004399220240412074303.0140512s2014 pr 000 p spa d a9789945455885 aDO-SdBNPbspacBNPHU aRD861.44bG633m 20141 aGómez Beras, Carlos Roberto,d1959-9691610aMapa al corazón del hombre :b(poesía 2008-2012) /cCarlos Roberto Gómez Beras. a2a ed. aSan Juan, Puerto Rico :bIsla Negra,c2014. a215 p. ;c21 cm.1 aFilo de fuego aIncluye datos biográficos del autor en la solapa de la cubierta aInventariado, 2018/LP 0aPoesía dominicana966 0aLiteratura dominicana.967 0aFilo de fuego97107 aValidado. Control de calidad MFF 001054708MOaGRbGRcHDd2014-05-12iLF1l0oRD861.44 G633m 2014p43992-30r2020-06-25te. 3w2020-06-25y4ZPréstamo en sala 001050718MOaPDbPDcHDd2014-05-12iLF1l0oRD861.44 G633m 2014p43992-10r2020-06-25w2020-06-25y1ZNo se presta 001050718MOaPDbPDcHDd2014-05-12iLF1l0oRD861.44 G633m 2014p43992-20r2020-06-25te. 2w2020-06-25y1ZNo se presta c43481d43481